|
|
|
|
| LEADER |
01596nam a2200385 a 4500 |
| 001 |
000561501 |
| 003 |
CZ BrMZK |
| 005 |
20080828124058.0 |
| 007 |
ta |
| 008 |
010907s2000 xr e p cze d |
| 015 |
|
|
|a cnb001001412
|
| 020 |
|
|
|a 80-85881-15-2
|
| 035 |
|
|
|a (OCoLC)50343922
|
| 040 |
|
|
|a BOA001
|b cze
|
| 072 |
|
7 |
|a 517
|x Matematická analýza
|2 Konspekt
|9 13
|
| 072 |
|
7 |
|a 37.016
|x Učební osnovy. Vyučovací předměty. Učebnice
|2 Konspekt
|9 22
|
| 080 |
|
|
|a 517.586
|2 MRF
|
| 080 |
|
|
|a 517.956.225
|2 MRF
|
| 080 |
|
|
|a (075)
|2 MRF
|
| 100 |
1 |
|
|a Nádeník, Zbyněk,
|d 1925-2018
|7 jo2002105743
|
| 245 |
1 |
0 |
|a Kulové funkce pro geodézii :
|b matematická příprava ke studiu knihy W.A. Heiskanen-H. Moritz: Physical Geodesy, 1967 /
|c Zbyněk Nádeník
|
| 250 |
|
|
|a Vyd. 1.
|
| 260 |
|
|
|a Zdiby :
|b Výzkumný ústav geodetický, topografický a kartografický,
|c 2000
|
| 300 |
|
|
|a xvi, 129 s. :
|b il. ;
|c 30 cm
|
| 490 |
1 |
|
|a Publikace Výzkumného ústavu geodetického, topografického a kartografického ;
|v roč. 46, č. 27
|
| 500 |
|
|
|a Bibliogr.
|
| 650 |
0 |
7 |
|a kulové funkce
|7 ph135789
|2 czenas
|
| 650 |
0 |
7 |
|a Laplaceova rovnice
|7 ph135790
|2 czenas
|
| 650 |
0 |
7 |
|a Legendreovy polynomy
|7 ph135787
|2 czenas
|
| 655 |
|
7 |
|a učebnice
|7 fd133770
|2 czenas
|
| 710 |
2 |
|
|a Výzkumný ústav geodetický, topografický a kartografický
|7 kn20030707004
|
| 830 |
|
0 |
|a Publikace (Výzkumný ústav geodetický, topografický a kartografický)
|
| 910 |
|
|
|a BOA001
|b 4-1084.247
|
| 990 |
|
|
|a BK
|
| 996 |
6 |
|
|b 2610134817
|c 4-1084.247
|l MZK
|r Sklad / do 1 hodiny
|n 2
|p p.v.
|w 000561501
|u 000010
|a 1
|e BOA001
|j MZK50
|s P
|